[Event "IECG TE.2006.S.02107 email"]
[Site "IECG email"]
[Date "2007.12.10"]
[Round "1"]
[White "Cesbron, Guy"]
[Black "Peinador, Dan"]
[Result "1-0"]
[WhiteElo "2057"]
[BlackElo "1628"]
[PlyCount "33"]
[EventDate "2007.12.10"]
[EventType "tourn (corr)"]
[EventRounds "12"]
[SourceTitle "Corr 2024"]
[Source "ChessBase"]
[SourceDate "2023.10.19"]
[SourceVersion "1"]
[SourceVersionDate "2023.10.19"]
[SourceQuality "1"]

1. e4 c5 2. f4 Nc6 3. Nc3 g6 4. Nf3 Bg7 5. Bc4 e6 6. f5 gxf5 7. d3 fxe4 8. dxe4 Nge7 9. 0-0 Nd4 10. Ng5 f6 11. Qh5+ Ng6 12. Nxh7 Kf7 13. Ng5+ Kg8 14. Qxg6 fxg5 15. Bxg5 Qb6 16. Qf7+ Kh7 17. Rf4 1-0

[Event "IECG TE.2007.P.02414 email"]
[Site "IECG email"]
[Date "2007.03.31"]
[Round "?"]
[White "Bertel, Michael"]
[Black "Peinador, Dan"]
[Result "0-1"]
[WhiteElo "1816"]
[BlackElo "1636"]
[PlyCount "128"]
[EventDate "2007.03.31"]
[EventType "tourn (corr)"]
[EventRounds "12"]
[SourceTitle "Corr 2024"]
[Source "ChessBase"]
[SourceDate "2023.10.19"]
[SourceVersion "1"]
[SourceVersionDate "2023.10.19"]
[SourceQuality "1"]

1. d4 d5 2. c4 e5 3. dxe5 d4 4. e3 Bb4+ 5. Bd2 dxe3 6. fxe3 Qh4+ 7. g3 Qe4 8. Nf3 Qxe3+ 9. Be2 Bxd2+ 10. Qxd2 Qxd2+ 11. Nbxd2 Ne7 12. Nb3 Nbc6 13. 0-0-0 0-0 14. Rhe1 Ng6 15. Nbd4 Ncxe5 16. Nxe5 Nxe5 17. Nf3 f6 18. Nxe5 fxe5 19. c5 Be6 20. Bh5 g6 21. Rxe5 Bxa2 22. Bg4 h5 23. Be6+ Bxe6 24. Rxe6 Kf7 25. Re4 Rad8 26. Rb4 Rxd1+ 27. Kxd1 Rd8+ 28. Kc2 b6 29. Ra4 a5 30. b4 Rd4 31. cxb6 cxb6 32. Ra3 Rxb4 33. Kc3 Kf6 34. Ra1 Ke5 35. Re1+ Kd5 36. Re8 Rc4+ 37. Kb2 b5 38. Rg8 Rc6 39. Kb3 Kc5 40. Ka3 Kc4 41. Re8 g5 42. h3 b4+ 43. Ka4 Rc5 44. g4 hxg4 45. Re4+ Kc3 46. Rxg4 Rd5 47. Rg3+ Rd3 48. Rxg5 b3 49. Ka3 b2 50. Ka2 a4 51. Rg1 Rxh3 52. Rf1 Rd3 53. Rg1 Rd2 54. Rg8 a3 55. Rc8+ Kd3 56. Rd8+ Ke2 57. Re8+ Kd1 58. Kb1 Rd3 59. Ka2 Rb3 60. Rd8+ Kc2 61. Rc8+ Rc3 62. Rb8 Rc7 63. Rb6 Kc1 64. Rb3 Rc2 0-1

[Event "IECG TE.2007.P.02408 email"]
[Site "IECG email"]
[Date "2007.03.31"]
[Round "1"]
[White "Mcdonald, Graham"]
[Black "Peinador, Dan"]
[Result "1-0"]
[WhiteElo "1825"]
[BlackElo "1636"]
[PlyCount "47"]
[EventDate "2007.03.31"]
[EventType "tourn (corr)"]
[EventRounds "12"]
[SourceTitle "Corr 2024"]
[Source "ChessBase"]
[SourceDate "2023.10.19"]
[SourceVersion "1"]
[SourceVersionDate "2023.10.19"]
[SourceQuality "1"]

1. d4 d5 2. c4 e5 3. dxe5 d4 4. Nf3 Nc6 5. g3 Bf5 6. a3 Qd7 7. Bg2 0-0-0 8. 0-0 f6 9. exf6 Nxf6 10. b4 Bh3 11. b5 Ne7 12. Qxd4 Qxd4 13. Bxh3+ Kb8 14. Nxd4 Rxd4 15. Nd2 Ng6 16. Rd1 Bc5 17. Bb2 Rdd8 18. Nb3 Bd6 19. f4 Rhe8 20. c5 Bf8 21. Bg2 Nd7 22. c6 bxc6 23. Na5 Bc5+ 24. Kf1 1-0

[Event "IECG TE.2007.P.02414 email"]
[Site "IECG email"]
[Date "2007.03.31"]
[Round "?"]
[White "Wurm, Tamas"]
[Black "Peinador, Dan"]
[Result "0-1"]
[WhiteElo "1132"]
[BlackElo "1636"]
[PlyCount "42"]
[EventDate "2007.03.31"]
[EventType "tourn (corr)"]
[EventRounds "12"]
[SourceTitle "Corr 2024"]
[Source "ChessBase"]
[SourceDate "2023.10.19"]
[SourceVersion "1"]
[SourceVersionDate "2023.10.19"]
[SourceQuality "1"]

1. d4 d5 2. c4 e5 3. dxe5 Bb4+ 4. Bd2 Nc6 5. Bxb4 Nxb4 6. a3 Nc6 7. cxd5 Nxe5 8. e4 Nf6 9. Nc3 0-0 10. Nf3 Bg4 11. Be2 Bxf3 12. Bxf3 Nfd7 13. 0-0 f5 14. exf5 Rxf5 15. Be4 Rf6 16. Qh5 Rh6 17. Qf5 Qh4 18. h3 Rf8 19. g3 Qd8 20. Qe6+ Rxe6 21. dxe6 Nf6 0-1

[Event "IECG CC.2006.0.00144 email"]
[Site "IECG email"]
[Date "2006.12.24"]
[Round "?"]
[White "Guaimare Rodriguez, Carlos Luis"]
[Black "Peinador, Dan"]
[Result "1-0"]
[WhiteElo "1797"]
[BlackElo "1698"]
[PlyCount "49"]
[EventDate "2006.12.24"]
[EventType "tourn (corr)"]
[EventRounds "6"]
[SourceTitle "Corr 2011"]
[Source "ChessBase"]
[SourceDate "2010.08.31"]
[SourceVersion "1"]
[SourceVersionDate "2010.08.31"]
[SourceQuality "1"]

1. d4 Nf6 2. c4 g6 3. Nc3 Bg7 4. e4 d6 5. Nf3 0-0 6. Be2 e5 7. 0-0 Nc6 8. d5 Ne7 9. b4 Nh5 10. Re1 f5 11. Ng5 Nf4 12. Bf1 h6 13. Nf3 fxe4 14. Nxe4 Bg4 15. Rb1 Qd7 16. Rb3 Qf5 17. Bxf4 Qxf4 18. h3 Bd7 19. Qd2 Qf7 20. c5 Nf5 21. g4 Nd4 22. Nxd4 exd4 23. cxd6 cxd6 24. Nxd6 Qxd5 25. Bc4 1-0

[Event "IECG TE.2006.P.02128 email"]
[Site "IECG email"]
[Date "2006.03.05"]
[Round "1"]
[White "Peinador, Dan"]
[Black "Marotta, Michele"]
[Result "1-0"]
[WhiteElo "1969"]
[BlackElo "1730"]
[PlyCount "25"]
[EventDate "2006.03.17"]
[EventType "tourn (corr)"]
[EventRounds "12"]
[SourceTitle "Corr 2024"]
[Source "ChessBase"]
[SourceDate "2023.10.19"]
[SourceVersion "1"]
[SourceVersionDate "2023.10.19"]
[SourceQuality "1"]

1. e4 c5 2. f4 d5 3. exd5 Nf6 4. Bb5+ Bd7 5. Bxd7+ Qxd7 6. c4 e6 7. Qe2 Bd6 8. f5 0-0 9. fxe6 fxe6 10. dxe6 Qe8 11. Nf3 Nc6 12. 0-0 Ng4 13. e7 1-0

[Event "IECG TE.2005.P.02031"]
[Site "IECG email"]
[Date "2005.12.29"]
[Round "?"]
[White "Stevenson, Walter"]
[Black "Peinador, Dan"]
[Result "0-1"]
[WhiteElo "828"]
[BlackElo "1969"]
[PlyCount "38"]
[EventDate "2005.12.19"]
[EventType "tourn (corr)"]
[EventRounds "8"]
[SourceTitle "Corr 2008"]
[Source "ChessBase"]
[SourceDate "2008.06.24"]
[SourceVersion "1"]
[SourceVersionDate "2008.06.24"]
[SourceQuality "1"]

1. e4 e5 2. Nf3 Nc6 3. c3 d5 4. Qa4 f6 5. Bb5 Nge7 6. exd5 Qxd5 7. d4 Bg4 8. Bc4 Qe4+ 9. Be2 Bxf3 10. gxf3 Qd5 11. Be3 0-0-0 12. Nd2 exd4 13. Bxd4 Nxd4 14. cxd4 Qxd4 15. Qc2 Nc6 16. 0-0-0 Qxf2 17. Ne4 Qe3+ 18. Kb1 Be7 19. Rde1 Nd4 0-1

[Event "IECG CB.2005.0.00145 email"]
[Site "IECG email"]
[Date "2005.10.09"]
[Round "?"]
[White "Peinador, Dan"]
[Black "Konstantinov, Maxim"]
[Result "0-1"]
[WhiteElo "1969"]
[BlackElo "1898"]
[PlyCount "56"]
[EventDate "2005.10.09"]
[EventType "tourn (corr)"]
[EventRounds "6"]
[SourceTitle "Corr 2008"]
[Source "ChessBase"]
[SourceDate "2008.06.24"]
[SourceVersion "1"]
[SourceVersionDate "2008.06.24"]
[SourceQuality "1"]

1. e4 c5 2. d4 cxd4 3. c3 dxc3 4. Nxc3 Nc6 5. Nf3 g6 6. Bc4 Bg7 7. 0-0 d6 8. Bf4 Nf6 9. h3 0-0 10. Qe2 Bd7 11. Rfd1 Qa5 12. a3 Rac8 13. b4 Nxb4 14. axb4 Qxb4 15. Bxf7+ Rxf7 16. Ng5 Rxc3 17. Nxf7 Kxf7 18. Qa2+ Be6 19. Qxa7 Nxe4 20. Rdb1 Rb3 21. Rxb3 Bxb3 22. Rc1 Bd4 23. Qb8 Nxf2 24. Kh2 Be6 25. Rc7 Be5 26. Bxe5 dxe5 27. Qh8 Qh4 28. Qd8 Ng4+ 0-1